01406nam a2200337 a 4500001001200000003000800012006001900020007001500039008004100054020002300095020002300118040002100141035002100162043001200183050002600195100003100221245012000252246005900372260003400431300005600465504005100521533015200572600006400724650003300788650003600821650002200857655002900879710001700908856012600925999001701051ebr10254915CaPaEBRm u cr cn|||||||||090430s2008 enkaf sb 001 0deng d z9781850439028 (pb) z9781850439011 (hb) aCaPaEBRcCaPaEBR a(OCoLC)646767771 an-us---14aN6537.S54bR39 2008eb1 aRawlinson, Markq(Mark S.)10aCharles Sheelerh[electronic resource] :bmodernism, precisionism and the borders of abstraction /cMark Rawlinson.30aModernism, precisionism and the borders of abstraction aLondon :bI.B. Tauris,c2008. aviii, 210 p., [8] p. of plates :bill. (some col.). aIncludes bibliographical references and index. aElectronic reproduction.bPalo Alto, Calif. :cebrary,d2013.nAvailable via World Wide Web.nAccess may be limited to ebrary affiliated libraries.10aSheeler, Charles,d1883-1965xCriticism and interpretation. 0aPrecisionismzUnited States. 0aModernism (Art)zUnited States. 0aMachinery in art. 7aElectronic books.2local2 aebrary, Inc.40uhttp://site.ebrary.com/lib/rucke/Doc?id=10254915zAn electronic book accessible through the World Wide Web; click to view c14677d14677